Inconstitucional reforma del Tribunal Fiscal de la Nación (Registro nro. 34883)
[ vista simple ]
| 000 -LEADER | |
|---|---|
| fixed length control field | 00329 a2200109 4500 |
| 001 - CONTROL NUMBER | |
| control field | ART_46933 |
| 005 - DATE AND TIME OF LATEST TRANSACTION | |
| control field | 20260410162041.0 |
| 008 - FIXED-LENGTH DATA ELEMENTS--GENERAL INFORMATION | |
| fixed length control field | 260409a |
| 100 1# - MAIN ENTRY--PERSONAL NAME | |
| Personal name | Spisso, Rodolfo Roque |
| 245 10 - TITLE STATEMENT | |
| Title | Inconstitucional reforma del Tribunal Fiscal de la Nación |
| 773 0# - HOST ITEM ENTRY | |
| Title | Impuestos |
| Related parts | - N°32 (jul. 2018) |
| Record control number | REV45175 |
No hay ítems disponibles.